| 000 | 00619nam a2200241Ia 4500 | ||
|---|---|---|---|
| 003 | OSt | ||
| 005 | 20220918212258.0 | ||
| 006 | a|||||r|||| 00| 0 | ||
| 007 | ta | ||
| 008 | 220917b |||||||| |||| 00| 0 eng d | ||
| 024 | _a128,188 | ||
| 037 | _cTextual | ||
| 040 |
_aARTS _cARTS _beng |
||
| 041 |
_2eng _aeng |
||
| 082 | _aX.2.N1, M5 | ||
| 100 | _aWattal P K | ||
| 245 | 0 | _aSystem of financial administration in British India | |
| 260 |
_aNew Delhi _bDay Pub _c1923 |
||
| 300 |
_a412p. _ccm. |
||
| 650 | _aECONOMICS | ||
| 942 |
_hX.2.N1, M5 _cTEXL _2CC |
||
| 999 |
_c251326 _d251326 |
||